Cần Vương : Lê Duy Mật kháng Trịnh

Từ khi vị chúa Trịnh đầu tiên trong lịch sử Việt Nam - Trịnh Tùng "phù Lê" giành lại giang sơn từ tay nhà Mạc. Từ đó một tháng hai kỳ, ngày Sóc và ngày Vọng, vua Lê chúa Trịnh cùng nhau bàn chính sự trong điện Cần Chánh. Nhưng thế lực c...

Popoln opis

Shranjeno v:
Bibliografske podrobnosti
Glavni avtor: Phan Trần Chúc
Format: Knjiga
Jezik:Vietnamese
Izdano: H. Hồng Đức 2014
Izdaja:Tái bản trên bản in năm 1957
Serija:Góc nhìn sử Việt
Teme:
Oznake: Označite
Brez oznak, prvi označite!
Thư viện lưu trữ: Thư viện Trường Đại học Nam Cần Thơ
LEADER 01880aam a22002298a 4500
001 NCT_17171
008 140627s2014 ||||||viesd
999 |c 807  |d 807 
020 |c 49000  |a 9786048627591 
082 0 4 |2 23rd ed.  |a 959.70272  |b Ch506 
100 1 |a Phan Trần Chúc 
245 1 0 |a Cần Vương :  |b Lê Duy Mật kháng Trịnh   |c Phan Trần Chúc 
250 |a Tái bản trên bản in năm 1957 
260 |a H.  |b Hồng Đức  |c 2014 
300 |a 143 tr.  |c 21cm 
490 0 |a Góc nhìn sử Việt 
520 3 |a Từ khi vị chúa Trịnh đầu tiên trong lịch sử Việt Nam - Trịnh Tùng "phù Lê" giành lại giang sơn từ tay nhà Mạc. Từ đó một tháng hai kỳ, ngày Sóc và ngày Vọng, vua Lê chúa Trịnh cùng nhau bàn chính sự trong điện Cần Chánh. Nhưng thế lực của Vương phủ ngày một mạnh thêm, nắm hết quyền bính, dần lấn át cả uy quyền của vua Lê, để rồi vua Lê chỉ còn là hư vị. Đến thời chúa Trịnh Giang ăn chơi sa đọa, tự ý phế lập, trước sự bạo ngược đó Hoàng thân nhà Hậu Lê, con thứ vua Lê Dụ Tông - Lê Duy Mật giương cao ngọn cờ Cần Vương, gây dựng lực lượng mưu tính công cuộc lật đổ nhà Trịnh 
653 |a Sách tham khảo 
942 |2 ddc  |c BK 
952 |0 0  |1 0  |2 ddc  |4 0  |6 959_702720000000000_CH506  |7 0  |9 18291  |a 000001  |b 000001  |d 2019-10-22  |o 959.70272 Ch506  |p TK.01876  |r 2019-10-22  |v 49000.00  |w 2019-10-22  |y BK 
952 |0 0  |1 0  |2 ddc  |4 0  |6 959_702720000000000_CH506  |7 0  |9 18292  |a 000001  |b 000001  |d 2019-10-22  |o 959.70272 Ch506  |p TK.01877  |r 2019-10-22  |v 49000.00  |w 2019-10-22  |y BK 
980 |a Thư viện Trường Đại học Nam Cần Thơ